000 01090cam a22001815a 4500
001 L156246
008 120509s1838 xxk f 000 0 eng d
035 _a(Sirsi) u156246
041 0 _aeng
245 0 0 _aPublic works of Great Britain
_bconsisting of railways, rails, chairs, blocks, cuttings, embankments, tunnels, oblique arches, viaducts, bridges, stations, locomotive engines, &c., cast iron bridges, iron and gas works, canals, lock gates, centering, masonry and brick work for canal tunnels, canal boats, the London and Liverpool docks, plans and dimensions, dock gates, walls, quays and their masonry, mooring chains, plan of the harbour and port of London, and other important engineering works, with descriptions and specifications ...
260 _aLondon
_bJohn Weale
_c1838
300 _axii, 72, 32, 24, 70 p.
_bill., 153 (i.e. 152) plates (incl. plans)
_c56 x 39.5 cm.
583 0 _aCondition reviewed
_c20120620
_lcondition level 2
651 4 _aGreat Britain
_y1707-
690 _aInfrastructure
_96246
700 1 _aSimms, Frederick Walter
_d1803-1865
_eEditor
942 _n0
999 _c114127
_d114127